01130 2200253 4500001002100000005001500021035002000036090000800056020002200064100002800086650001000114245008400124264003100208008004100239082001200280084002100292250002000313260003600333300003100369504002800400520041400428990001800842990001600860INLIS00000000003391120220117024822 a0010-0619033911 23.1 a978-602-5568-35-00 aAulia Fadhliepengarang 4aNapza1 aNapza :bancaman, bahaya, regulasi dan solusi penanggulangannya /cAulia Fadhli ntimedia dan Ladang Pustaka220117 g 0 ind  a362.293 aSR 362.293 AUL n aCetakan pertama aYogyakarta :bGava media,c2018 aviii, 166 halaman ;c23 cm abibliografi halaman 161 adalam buku ini, pembaca diajak untuk mengetahui secara komprehensif segala hal terkait narkoba. mulai dari mengenal apa itu narkoba, bagaimana peredarannya, langkah pemerintah dan pembuatan regulasi dalam penggunaan dan peredaran narkoba, serta bagaimana upaya orang tua dalam lingkup yang terkecil dari keluarga untuk memberi pengetahuan kepada anak dan keluarga terkait narkoba dan bahaya yang mengitarinya. a038669.036373 a49115.61935